Estado, direito e democracia : (Record no. 188)

MARC details
000 -LÍDER
Campo Fixo de Controle 00997cam a2200301 a 4500
001 - NÚMERO DE CONTROLE
Campo de Controle 188
003 - IDENTIFICAÇÃO DO NÚMERO DE CONTROLE
Campo de Controle BR-CuiBMT
005 - DATA E HORA DA ÚLTIMA ATUALIZAÇÃO
Campo de Controle 20231107235113.0
008 - DADOS FIXOS
Dados Fixos 230825s2021 mgb 010 0 por d
020 ## - INTERNATIONAL STANDARD BOOK NUMBER
Nº do ISBN 9786555182453
040 ## - AGÊNCIA CATALOGADORA
Código da Agência Catalogadora BR-CuiBMT
Agência que transcreveu o registro BR-CuiBMT
080 ## - Nº DA CLASSIFICAÇÃO DECIMAL UNIVERSAL
Nº edição CDU 2007
Nº Class. CDU 342
090 ## - NÚMERO DE CHAMADA
Nº classificação 342
Cutter E79
245 00 - TÍTULO PRINCIPAL
Título principal Estado, direito e democracia :
Subtítulo estudos em homenagem ao prof. Dr. Augusto Aras /
Indicação de responsabilidade Carlos Vinícios Alves Ribeiro, Dias Toffoli, Otávio Luiz Rodrigues Jr., coordenadores.
260 ## - PUBLICAÇÃO, DISTRIBUIÇÃO, ETC.
Local de publicação Belo Horizonte ,
Editora Fórum,
Data 2021.
300 ## - DESCRIÇÃO FÍSICA
N. páginas ou volumes 471 p. ;
Dimensões 22 cm
504 ## - NOTA DE BIBLIOGRAFIA, ETC.
Nota de bibliografia Inclui bibliografia.
600 14 - ASSUNTO -- NOME PESSOAL
Nome pessoal Aras, Augusto,
Datas associadas ao nome 1958-
650 ## - ASSUNTO TÓPICO
Cabeçalho tópico ou nome geográfico Direito constitucional
Subdivisão geográfica Brasil
650 ## - ASSUNTO TÓPICO
Cabeçalho tópico ou nome geográfico Direito administrativo
Subdivisão geográfica Brasil
650 ## - ASSUNTO TÓPICO
Cabeçalho tópico ou nome geográfico Direito civil
650 ## - ASSUNTO TÓPICO
Cabeçalho tópico ou nome geográfico Estado de direito
650 ## - ASSUNTO TÓPICO
Cabeçalho tópico ou nome geográfico Democracia
700 1# - ENTRADA SECUNDÁRIA -- NOME PESSOAL
Nome pessoal Ribeiro, Carlos Vinícius Alves
Cód. do termo explicativo coord.
700 1# - ENTRADA SECUNDÁRIA -- NOME PESSOAL
Nome pessoal Toffoli, Dias,
Datas associadas ao nome 1967-
Cód. do termo explicativo coord.
700 1# - ENTRADA SECUNDÁRIA -- NOME PESSOAL
Nome pessoal Rodrigues Junior, Otavio Luiz
Cód. do termo explicativo coord.
942 ## - ELEMENTOS DE ENTRADA ADICIONAIS (KOHA)
Fonte de classificação ou esquema de arquivamento Classificação Decimal Universal
Tipo de item do Koha Livros
Holdings
Estado: removido Estado: perdido Fonte de classificação ou esquema de arquivamento Estado: danificado Indisponível para empréstimo Localização permanente Localização atual Data de aquisição Total Checkouts Número de Chamada completo Código de barras Date last seen Número do exemplar Preço efetivo a partir de Tipo de item (Koha)
    Classificação Decimal Universal     Biblioteca da Escola Superior de Contas do TCE/MT Biblioteca da Escola Superior de Contas do TCE/MT 28/07/2023   342 E79 BIBTCEMT23080165 25/08/2023 Ex. 1 25/08/2023 Livros

Powered by Koha